Spot the Difference III Quiz Stats

Quiz Updated Mar 31, 2016

Challenge
Share
Tweet
Score 0/5 Timer 02:00
37 Plays Today
% Correct
Mickey's ear
87.6%
Banner
82.1%
Spire
80.8%
Goofy's pant leg
65.9%
Window
47%

You're not logged in!

Compare scores with friends on all Sporcle quizzes.
Sign Up with Email
OR
Log In

You Might Also Like...

Show Comments

Extras

Top Quizzes Today


Score Distribution

Your Account Isn't Verified!

In order to create a playlist on Sporcle, you need to verify the email address you used during registration. Go to your Sporcle Settings to finish the process.